Advances in Plant Omics and Systems Biology Approaches/ (Record no. 51266)

MARC details
000 -LEADER
fixed length control field 00508nam a22001577a 4500
003 - CONTROL NUMBER IDENTIFIER
control field OSt
008 - FIXED-LENGTH DATA ELEMENTS--GENERAL INFORMATION
fixed length control field 260603b |||||||| |||| 00| 0 eng d
020 ## - INTERNATIONAL STANDARD BOOK NUMBER
International Standard Book Number 9783030803544
082 ## - DEWEY DECIMAL CLASSIFICATION NUMBER
Classification number 571.2
Item number W76A
245 ## - TITLE STATEMENT
Title Advances in Plant Omics and Systems Biology Approaches/
Remainder of title edited by Flavia Vischi Winck
260 ## - PUBLICATION, DISTRIBUTION, ETC. (IMPRINT)
Place of publication, distribution, etc New Work:
Name of publisher, distributor, etc Springer Nature;
Date of publication, distribution, etc 2021.
300 ## - PHYSICAL DESCRIPTION
Extent xxiv, 201 p.
650 ## - SUBJECT ADDED ENTRY--TOPICAL TERM
Topical term or geographic name as entry element Pure Sciences | Biology | Plants | Physiology | Plant Physiology
700 ## - ADDED ENTRY--PERSONAL NAME
Personal name Winck, Flavia Vischi
942 ## - ADDED ENTRY ELEMENTS (KOHA)
Source of classification or shelving scheme
Koha item type Books
Holdings
Withdrawn status Lost status Source of classification or shelving scheme Damaged status Not for loan Home library Current library Shelving location Date acquired Source of acquisition Cost, normal purchase price Total Checkouts Full call number Barcode Date last seen Bill Date Koha item type Bill Number
          Dr. Rajendra Prasad Central Agricultural University Pusa, Dr. Rajendra Prasad Central Agricultural University Pusa, General Stacks 03/06/2026 Delight Book Agency 6597.00   571.2 W76A 87286 03/06/2026 29/01/2026 Books Bill No. DBS/0262025-2026
Hosted, Implemented, Customized & Maintained by: BestBookBuddies

Powered by Koha